00604nam a2200181u 450000100100000000500170001000800410002701000130006804000240008105000180010510000500012324500280017326000450020130000210024691000330026795201050030099900170040500001877320200929165845.0830825s1967 gw 000 0 ger  a73200204 aDO-SdBNPcCarPdDLC00aPZ33b.D533141 aDiessel, Hildegard. [from old catalog]94049810aIm Lowenrachen Neapels. aStuttgart,10 :bSchwabenverlag,c[1967]. a184 p. ;c21 cm. aCatalogación derivada / LC 001050718MOaGRbGRcCTd2010-05-18iLF1l0o p18773-10r2020-06-25w2020-06-25y1ZNo se presta c18293d18293